Juegos de razonamiento lógico: evaluación y desarrollo de las nociones de seriación, conservación y clasificación
Сохранить в:
| Главные авторы: | , |
|---|---|
| Формат: | |
| Язык: | испанский |
| Опубликовано: |
Santiago
Andrés Bello
1997
|
| Редактирование: | 4a. ed |
| Предметы: | |
| Метки: |
Добавить метку
Нет меток, Требуется 1-ая метка записи!
|
MARC
| LEADER | 00000nam a2200000 a 4500 | ||
|---|---|---|---|
| 001 | UCH6784 | ||
| 003 | CL-VaPUC | ||
| 008 | 091109e19970000CL |||||||||||||||||spa|d | ||
| 020 | |a 9561308487 | ||
| 082 | 0 | 4 | |a 371.397 |b CHA |2 21 |
| 100 | 0 | |a Chadwick, Mariana |e author |9 543383 | |
| 700 | 0 | |a Tarky, Isabel |e author |9 543384 | |
| 245 | 1 | 0 | |a Juegos de razonamiento lógico: evaluación y desarrollo de las nociones de seriación, conservación y clasificación |
| 250 | |a 4a. ed | ||
| 300 | |a 255 p | ||
| 942 | |c BK | ||
| 945 | |d 20091109 00:00:00 |a ccalabra | ||
| 260 | |a Santiago |b Andrés Bello |c 1997 | ||
| 650 | 0 | |a Educación |9 258661 | |
| 650 | 0 | |a Juegos educativos |9 307366 | |
| 650 | 0 | |a Lógica matemática |9 262442 | |
| 650 | 7 | |a JUEGOS CREATIVOS |2 CL-VaPUC |9 369256 | |
| 650 | 0 | |a Recursos educacionales |9 283370 | |
| 650 | 0 | |a Razonamiento |9 256520 | |
| 583 | |a last modification |c 20091109 00:00:00 |k Rodrigo Vera | ||
| 999 | |c 337609 |d 337607 | ||